000 00657pam a2200205 a 4500
020 _a0821365150
020 _a082136670X (hbk.)
020 _a9780821366707 (hbk.)
020 _a9780821365151
040 _cDLC
082 0 0 _a338 BAS 2007 C152 Or.
245 0 0 _aDelivering on the promise of pro-poor growth :
_binsights and lessons from country experiences /
260 _aBasingstoke [England] ;
_aNew York :
_bPalgrave Macmillan ;
_aWashington DC :
_bWorld Bank,
_cc2007
300 _axi, 253 p. :
_bill., map ;
_c23 cm
650 0 _aEconomic development
650 0 _aPoverty
700 1 _aBesley, Timothy
700 1 _aCord, Louise
942 _cAEDBB
999 _c18787
_d18787